000 02525nam a2200313 a 4500
003 OSt
005 20260210131924.0
007 cr ||||||a|c|a
008 240208s2019 mx a|||fom||| 001 0 spa d
040 _erda
100 1 _9188664
_aGonzález León, Marco Antonio
245 1 0 _aComportamiento productivo e indicadores de bienestar en pollos de engorda en pastoreo /
_cpor Marco Antonio González Léón ; director de tesis Fernando González León.
264 1 _aChapingo, México :
_bEl autor,
_c2019.
300 _a1 recurso en línea (62 páginas):
_bcuadros, figuras.
336 _2rdacontent
_atexto
_btxt
337 _2rdamedia
_acomputadora
_bc
338 _2rdacarrier
_arecurso en línea
_bcr
502 _bIAEZ
_cZootecnía
_d2019.
_gLIC
504 _aIncluye referencias bibliográficas: páginas 41-52.
520 _aEl objetivo fue evaluar el comportamiento productivo e indicadores de bienestar de pollos de engorda en pastoreo. Se utilizaron 168 pollos Ross 308, de 33 d de edad, que se asignaron al azar a dos tratamientos: T1: crianza en confinamiento con alimentación ad libitum y T2: sistema de 8 horas de pastoreo y ración de concentrado restringida al 40% del consumo de los pollos del T1. Se evaluó el comportamiento productivo de 33 a 54 d de edad, habilidad para caminar (Hc), latencia a postrarse (Lp), quemaduras de almohadillas plantares (Qp), angulación valgus/varus (AngV/V), resistencia a la ruptura de tendón gastrocnemio (RRTe) y de la tibia (RRTi). El comportamiento productivo entre tratamientos fue diferente (P<0.05). Los pollos en T1 tuvieron mayor peso vivo a 54 d de edad (3,379±39 g) que T2 (2,223±39 g). Asimismo, la conversión alimenticia de 33 a 54 d de edad fue menor en aves de confinamiento (2.05±0.05 g/g) que en pastoreo (2.28±0.05 g/g). Estas últimas mostraron una mejor (P<0.05) Hc y Lp, pero no se detectaron diferencias entre tratamiento (P≥0.05) para AngV/V, Qp, y RRTe. En conclusión, el pastoreo con restricción del consumo de concentrado, mejora los indicadores de bienestar Hc y Lp, pero afecta el comportamiento productivo.
650 4 _9188670
_aPollos
_xPastoreo
650 4 _990269
_aPollos de engorde
650 4 _990268
_aPollos
_xAlimentación
650 4 _9132626
_aPollos
_xCría
650 4 _912634
_aBienestar animal
700 1 _948783
_aGonzález Cerón, Fernando
_eDirector de tesis.
856 _uhttp://10.13.5.2/tesis/tl/Gonzalez_Leon_Marco_Antonio.pdf
_zDESCARGAR PDF
942 _2Clasificación Universidad Autónoma Chapingo
_cTD
999 _c219654
_d219654